000 00309nam a2200121Ia 4500
008 190722s9999 xx 000 0 und d
020 _a978-0-333-42791-0
100 _aDavid S.Moore
245 4 _aThe Basic Practice of Statistics
260 _aU.S.A
_bPalgrave Macmillan
_c2015
300 _a628
942 _cBK
999 _c1038
_d1038